Loading...
| History - World History | 0 | 8 | 0 | 2 | 80 | 78 | 108.50 | 0 | 2 |
| Other | 0 | 5 | 0 | 0 | 50 | 73 | 95.60 | 0 | 0 |
| History - European History | 0 | 6 | 2 | 0 | 50 | 32 | 84.00 | 4 | 5 |
| History - Other History | 0 | 5 | 0 | 3 | 50 | 113 | 133.60 | 0 | 1 |
| Literature - American Literature | 0 | 4 | 0 | 0 | 40 | 116 | 125.25 | 0 | 1 |
| Fine Arts - Painting & Sculpture | 0 | 4 | 0 | 0 | 40 | 121 | 132.50 | 0 | 0 |
| Fine Arts - Classical Music | 0 | 4 | 1 | 0 | 35 | 120 | 127.00 | 0 | 1 |
| History - American History | 0 | 4 | 1 | 0 | 35 | 51 | 98.25 | 0 | 2 |
| Social Science | 0 | 4 | 1 | 1 | 35 | 86 | 100.25 | 0 | 1 |
| Science - Other Science | 0 | 3 | 0 | 2 | 30 | 78 | 111.33 | 0 | 0 |
| Literature - British Literature | 0 | 3 | 1 | 0 | 25 | 84 | 94.00 | 0 | 2 |
| Philosophy | 0 | 2 | 0 | 0 | 20 | 133 | 135.50 | 0 | 0 |
| Fine Arts - Other Fine Arts | 0 | 2 | 0 | 0 | 20 | 91 | 112.00 | 0 | 1 |
| Science - Physics | 0 | 2 | 0 | 1 | 20 | 128 | 128.00 | 0 | 0 |
| Literature - World Literature | 0 | 2 | 0 | 0 | 20 | 116 | 127.50 | 0 | 0 |
| Mythology | 0 | 2 | 1 | 1 | 15 | 122 | 129.00 | 0 | 1 |
| Religion | 0 | 2 | 2 | 0 | 10 | 79 | 103.50 | 0 | 1 |
| Literature - European Literature | 0 | 1 | 0 | 0 | 10 | 154 | 154.00 | 0 | 0 |
| Science - Chemistry | 0 | 1 | 0 | 1 | 10 | 130 | 130.00 | 0 | 0 |
| Religion | 0 | 0 | 0 | 0 | 0 | 0.00 | 0 | 0 | |
| Science - Biology | 0 | 0 | 1 | 0 | -5 | 0.00 | 0 | 0 |